• 首页
  • 本馆介绍
  • 公告通知
  • 最新文献
  • 馆藏检索
  • 电子资源
  • 读者导购
  • 参考咨询
  • 我的图书馆
  • 登录
  • 详细信息显示
  • 放入我的书架
  • 预约/预借图书
  • 作者相关作品
  • 分类相关作品
  • 丛书相关作品
  • 出版社相关作品

书目信息

  • 表格格式
  • 工作单格式
  • 卡片格式
题名:
美国“蓝带学校”的品性教育
    
 
作者: Murphy 著 ;周玲 , 张学文 译
分册:  
出版信息: 北京   中国轻工业出版社  2002
页数: 21,281页
开本: 21cm
丛书名: 基础教育改革与发展译丛
单 册:
中图分类: G634.25
科图分类:
主题词: 品德教育--中小学--美国 , 品德教育
电子资源:
ISBN: 7-5019-3523-8
000 01173oam2 2200301 450
001 1558434583
005 20150130161412.37
010    @a7-5019-3523-8@dCNY18.00
100    @a20020118d2002 em y0chiy0110 ea
101 1  @achi@ceng
102    @aCN@b110000
105    @ay z 000yy
200 1  @a美国“蓝带学校”的品性教育@9mei guo “ lan dai xue xiao ” de pin xing jiao yu@e应对挑战的最佳实践@f(美)Madonna M.Murphy著@g周玲,张学文译
210    @a北京@c中国轻工业出版社@d2002
215    @a21,281页@d21cm
225 2  @a基础教育改革与发展译丛@i教育新理念系列
330    @a本书以大量生动、鲜活的研究材料和翔实的案例客观地向读者说明了现今美国最好的中小学校中品性教育的开展情况以及他们已经或正在取得的成果和进展。
461  0 @12001 @a基础教育改革与发展译丛
462  0 @12001 @a教育新理念系列
510 1  @aCharacter Education in America's Blue Ribbon Schools@eBest Practices for Meeting the Challenge@zeng
606 0  @a品德教育@x中小学@y美国
606 0  @a品德教育
690    @aG634.25@v5
701  1 @aMurphy@bMadonna M.@4著
702  0 @a周玲@9zhou ling@4译
702  0 @a张学文@9zhang xue wen@4译
801  0 @aCN@bTSSF@c20150130
905    @aZUCC@dG634.25@eJY1
    
    美国“蓝带学校”的品性教育:应对挑战的最佳实践/(美)Madonna M.Murphy著/周玲,张学文译.-北京:中国轻工业出版社,2002
    21,281页;21cm.-(基础教育改革与发展译丛.教育新理念系列)
    
    
    ISBN 7-5019-3523-8:CNY18.00
    本书以大量生动、鲜活的研究材料和翔实的案例客观地向读者说明了现今美国最好的中小学校中品性教育的开展情况以及他们已经或正在取得的成果和进展。
●
相关链接 在E读中查询图书 在五车中查询图书 在当当中查询图书 在豆瓣中查询图书


正题名:美国"蓝带学校"的品性教育     索取号:G634.25/JY1         预约/预借

序号 登录号 条形码 馆藏地/架位号 状态 备注
1 7860393   278603931   学院路分馆/ [索取号:G634.25/JY1] 在馆    
唐山师范学院图书馆 欢迎您!
大连网信软件有限公司© 版权所有